Kviz o Splitsko-dalmatinskoj županiji - Statistics

General Stats
  • This quiz has been taken 4 times
  • The average score is 11 of 25
Answer Stats
Hint Answer % Correct
Rimski car koji je abdicirao i preselio se u svoju palaču kraj Salone kako bi u mirovini uzgajao kupus Dioklecijan
100%
Krški planinski masiv sa 120 špiljskih endemskih vrsta Biokovo
75%
Čunjasti vulkanski otočić na kojemu živi endemska crna gušterica; zbog magnetita u stijeni, igla brodskog kompasa "poludi" u njegovoj blizini Jabuka
75%
Atraktivna špilja na otoku Biševu; bečki avanturist i slikar podmorja Eugen von Ransonnet raznio je ulaz dinamitom kako bi olakšao pristup {Modra} špilja
75%
Autonomna seljačka republika koju je po legendi seljanka Mila Gojsalić spasila od Osmanlija raznijevši turski kamp barutom {Poljička} Republika
75%
Tvrđava koja je odvraćala Osmanlije i Mongole; svojevremeno središte uskoka i kapetana Petra Kružića Klis
50%
Napušteno hvarsko selo čiji su stanovnici svi imali prezime Tudor, zbog čega se razvila spekulacija da je selo osnovano od strane vanbračnog sina Henrika VIII. Malo Grablje
50%
Renesansni pjesnik (Judita) Marko Marulić
50%
Vođa Hvarskog ustanka protiv Mletačke Republike (1510. – 1514.); nadahnuo pjesmu Padaj silo i nepravdo Matij Ivanić
50%
Pjevač šansona i zabavne glazbe (Galeb i ja) Oliver Dragojević
50%
Renesansni pjesnik (Ribanje i ribarsko prigovaranje); graditelj hvarskog utvrđenog ljetnikovca s ribnjakom Petar Hektorović
50%
Viteška igra koja se obilježava na obljetnicu pobjede nad turskim osvajačima 14. 8. 1715. Sinjska alka
50%
Hvarski krajolik u kojem je antička grčka podjela zemljišta sačuvana do danas {Starogradsko} polje
50%
Plaža na Visu koja se smatra jednom od najljepših u Europi; pojavila se u animeu Porco Rosso Studija Ghibli Stiniva
50%
Mineralog, izumitelj, pomorski časnik i inženjer; u Teksasu otkrio naftno polje Spindletop, praktički izrodivši "doba nafte" i naftnu industriju SAD-a Antun Lučić
25%
Rock sastav Marijana Bana (Noć je prekrasna) Daleka obala
25%
Renesansna kuća u Omišu s natpisom "Zahvaljujem ti, Gospode, što sam živio na ovom svijetu" Kuća {sretnog čovjeka}
25%
Neobično bračko zdanje koje je po predaji nastalo iz zemljišnog spora između trojice braće pomoraca i lokalnog seljaka Kuća u {kući}
25%
Izumitelj vitla koje je revolucionariziralo ribarstvo; Peru je zahvaljujući njemu povećao izlov plave ribe za 300 posto Mario Puratić
25%
Jelo od goveđeg buta koje se priprema najmanje 12 sati pašticada
25%
Bračko pustinjačko prebivalište svećenika glagoljaša sa zvjezdarnicom pustinja Blaca
25%
Simbolistički pjesnik (Svakidašnja jadikovka) Tin Ujević
25%
Boem, romantičarski pjesnik i glazbenik prepoznatljivog hrapavog glasa (Leute moj) Toma Bebić
25%
Modernistički filmski redatelj (Kaja, ubit ću te!) Vatroslav Mimica
25%
Bračka špilja s tajanstvenim poganskim uklesanim reljefima i ostacima svetišta popova glagoljaša {Zmajeva} špilja
25%
No matching quizzes found
Score Distribution
Percent of People with Each Score
Percentile by Number Answered
Your Score History
You have not taken this quiz